Fiesta fiasco / (Record no. 6847)

MARC details
000 -LEADER
fixed length control field 01183cam a2200361 a 4500
001 - CONTROL NUMBER
control field 6847
003 - CONTROL NUMBER IDENTIFIER
control field FISKH
005 - DATE AND TIME OF LATEST TRANSACTION
control field 20260304093812.0
008 - FIXED-LENGTH DATA ELEMENTS--GENERAL INFORMATION
fixed length control field 060502s2007 nyua b 000 1 eng
010 ## - LIBRARY OF CONGRESS CONTROL NUMBER
LC control number 2006012112
020 ## - INTERNATIONAL STANDARD BOOK NUMBER
International Standard Book Number 082342037X
020 ## - INTERNATIONAL STANDARD BOOK NUMBER
International Standard Book Number 9780823420377
020 ## - INTERNATIONAL STANDARD BOOK NUMBER
International Standard Book Number 9780545061612
040 ## - CATALOGING SOURCE
Original cataloging agency DLC
Transcribing agency DLC
Modifying agency DLC
Language of cataloging eng
050 ## - LIBRARY OF CONGRESS CALL NUMBER
Classification number PZ7.P278338 F
082 ## - DEWEY DECIMAL CLASSIFICATION NUMBER
Classification number 813.6
100 1# - MAIN ENTRY--PERSONAL NAME
Personal name Paul, Ann Whitford.
245 10 - TITLE STATEMENT
Title Fiesta fiasco /
Statement of responsibility, etc. by Ann Whitford Paul ; illustrated by Ethan Long.
250 ## - EDITION STATEMENT
Edition statement First Scholastic printing, January 2008
260 ## - PUBLICATION, DISTRIBUTION, ETC.
Place of publication, distribution, etc. New York :
Name of publisher, distributor, etc. Scholastic,
Date of publication, distribution, etc. 2007.
300 ## - PHYSICAL DESCRIPTION
Extent 32 unnumbered pages :
Other physical details color illustrations ;
Dimensions 23 cm
505 ## - FORMATTED CONTENTS NOTE
Formatted contents note J<br/>
520 ## - SUMMARY, ETC.
Summary, etc. When shopping for Culebra's birthday, Conejo convinces his friends Iguana and Tortuga to buy all the wrong presents. Includes a glossary of Spanish words used.
521 8# - TARGET AUDIENCE NOTE
Target audience note 500<br/>
Source Lexile AD<br/>
521 8# - TARGET AUDIENCE NOTE
Target audience note J<br/>
Source Raz-Plus<br/>
650 #1 - SUBJECT ADDED ENTRY--TOPICAL TERM
Topical term or geographic name entry element Rabbits
Form subdivision Fiction.
650 #1 - SUBJECT ADDED ENTRY--TOPICAL TERM
Topical term or geographic name entry element Desert animals
Form subdivision Fiction.
650 #1 - SUBJECT ADDED ENTRY--TOPICAL TERM
Topical term or geographic name entry element Gifts
Form subdivision Fiction.
700 1# - ADDED ENTRY--PERSONAL NAME
Personal name Long, Ethan,
Relator term illustrator
906 ## - LOCAL DATA ELEMENT F, LDF (RLIN)
a 7
b cbc
c orignew
d 1
e ecip
f 20
g y-gencatlg
942 ## - ADDED ENTRY ELEMENTS (KOHA)
Source of classification or shelving scheme Dewey Decimal Classification
Koha item type Books
Suppress in OPAC No
Holdings
Withdrawn status Lost status Source of classification or shelving scheme Damaged status Not for loan Collection Home library Current library Shelving location Date acquired Total Checkouts Full call number Barcode Date due Date last seen Date last checked out Copy number Price effective from Koha item type
    Dewey Decimal Classification     Juvenile Fiction Footprints International School Library Network Toul Kork Campus Footprints International School Library Network Toul Kork Campus TK Primary Library Room(4th Floor), Bookcase 1&2, Shelves 1-16, Dark Blue Books 06/03/2025 2 PAU 813.6 PZ7.P278338 F FISTK02588 12/24/2025 12/10/2025 12/10/2025 1 06/03/2025 Books
    Dewey Decimal Classification     Juvenile Fiction Footprints International School Library Network Toul Tom Poung Campus Footprints International School Library Network Toul Tom Poung Campus TTP Primary Dark Blue Bookshelves 03/04/2026   PAU 813.6 PZ7.P278338 F FIS01966   03/04/2026   2 03/04/2026 Books